| 000 | 00000nam##2200000za#4500 |
| 001 | 9.699156 |
| 003 | CaOODSP |
| 005 | 20241203113638 |
| 007 | cr ||||||||||| |
| 008 | 150407|1998||||xxc|||||o f|0| 0 eng|d |
| 040 | |aCaOODSP|beng |
| 043 | |an-cn--- |
| 086 | 1 |aEn14-184/1998E-PDF |
| 110 | 1 |aCanada. |bEnvironment Canada. |
| 245 | 10|aEnvironment Canada guidance document - questions and answers on the federal Benzene in Gasoline Regulations |h[electronic resource] |
| 260 | |aOttawa - Ontario : |bEnvironment Canada |cMay 27, 1998. |
| 300 | |a59, 6p. |
| 500 | |aIncludes addendum, published October 16, 1998. |
| 590 | |a14-21-Supp|b2014-12-11 |
| 690 | 07|aEnvironmental law|2gcpds |
| 690 | 07|aGasoline|2gcpds |
| 775 | 08|tEnvironnement Canada conseils d'application - questions et réponses concernant le Règlement sur le benzène dans l'essence |w(CaOODSP)9.643206 |
| 856 | 40|ahttp://publications.gc.ca|qPDF|s157 KB|uhttps://publications.gc.ca/collections/collection_2014/ec/En14-184-1998-1-eng.pdf |
| 856 | 40|ahttp://publications.gc.ca|qPDF|s18 KB|uhttps://publications.gc.ca/collections/collection_2014/ec/En14-184-1998-2-eng.pdf |